| 000 | 01049nam a2200277 a 4500 | ||
|---|---|---|---|
| 001 | 000034786 | ||
| 005 | 20240605180416.0 | ||
| 008 | 111019s1977 pr 000 0 spa d | ||
| 020 | _a8474270065 | ||
| 040 |
_aDO-SdBNP _bspa _cBNPHU |
||
| 082 |
_a572 _bM528o |
||
| 100 | 1 |
_aMelotti, Umberto _94215 |
|
| 240 | 1 | 0 |
_aIl processo di sviluppo storico. L'origine dell'uomo e delle razze umane _lespañol |
| 245 | 1 | 3 |
_aEl origén del hombre y de la raza humana : _bel proceso de desarrollo histórico / _cUmberto Melotti ; traducción Manuel Olasagasti. |
| 260 |
_aMadrid, : _bVillalar, _c1977. |
||
| 300 |
_a158 p. : _bil., map. ; _c19 cm. |
||
| 490 | 1 | _aEV | |
| 500 | _aIncluye referencias bibliográficas y notas al pie de las páginas | ||
| 590 | _aPerteneció a la biblioteca personal de Juan Isidro Jimenes Grullón | ||
| 650 | 4 |
_aOrígen del ser humano _912727 |
|
| 650 | 0 |
_aAntropología física _960279 |
|
| 700 | 1 | 2 |
_aOlasagasti, Manuel, _etr. _913318 |
| 830 | 0 |
_aEV _960280 |
|
| 910 | _aValidado. Control de calidad MFF | ||
| 049 | _aBNGR | ||
| 999 |
_c34277 _d34277 |
||